Small amphibian fauna from a previously unexplored paramo of the cordillera occidental in western Colombia (Registro nro. 13579)
[ vista simple ]
| 000 -CABECERA | |
|---|---|
| Campo de control | 003520000a22001090004500 |
| 090 ## - CLASIFICACIÓN LOCAL | |
| Colección | AR |
| Consecutivo | 04480 |
| 041 0# - IDIOMA | |
| Código de idioma para texto/pista de sonido o título separado | |
| 100 1# - ASIENTO PRINCIPAL--NOMBRE PERSONAL | |
| Nombre personal | Lynch, John D. |
| 245 10 - MENCION DE TITULO | |
| Título | Small amphibian fauna from a previously unexplored paramo of the cordillera occidental in western Colombia |
| 773 1# - Item fuente: | |
| Título | Journal of Herpetology |
| Descripción física | 2 |
| Paginas del Articulo | 226-231 |
| Lugar, editorial y fecha de publicación | 2001 |
| Información sobre la relación | 35 |
| 942 ## - ELEMENTOS ADICIONALES (KOHA) | |
| Tipo de ítem | Artículo |
| Withdrawn status | Lost status | Damaged status | No para préstamo | Colección | Ubicación Permanente | Ubicación actual | Fecha de adquisición | Datos de publicación Seriada | Total Checkouts | Número topográfico | Inventario / Código de Barras | Date last seen | Ejemplar | Price effective from | Forma de adquisición | Tipo de material |
|---|---|---|---|---|---|---|---|---|---|---|---|---|---|---|---|---|
| No para Préstamo | Hemeroteca | Bogotá | Bogotá | 27/11/2007 | Fuera de circulación | AR 04480 | 025541 | 25/03/2015 | 1 | 25/03/2015 | Artículo |